Konkurenčná schopnosť ekonomiky a faktory jej rastu bakalárska práca

Enregistré dans:
Détails bibliographiques
Auteur principal: Miháliková, Barbora
Collectivité auteur: Národohospodárska fakulta EU. Katedra hospodárskej politiky
Autres auteurs: Fifeková, Elena
Format: Livre
Langue:slovaque
Publié: Bratislava 2013
Tags: Ajouter un tag
Pas de tags, Soyez le premier à ajouter un tag!

MARC

LEADER 00000nbm a2200000 4500
001 0172621
005 20161109112106.1
041 0 |a slo 
044 |a SK 
245 1 0 |a Konkurenčná schopnosť ekonomiky a faktory jej rastu  |b bakalárska práca  |c Barbora Miháliková ; školiteľ: Elena Fifeková 
264 1 |a Bratislava  |c 2013 
300 |a 38 s. 
100 1 |a Miháliková, Barbora 
700 1 |a Fifeková, Elena 
710 2 |a Národohospodárska fakulta EU. Katedra hospodárskej politiky